Larousse conjugaison

Tous les verbes de la dernière édition du Petit Larousse dans un répertoire qui indique: toutes les constructions admises (avec ou sans complément d'objet direct, pronominale, etc.); les préposition qui introduisent les complements d'objet indirect ou circonstanciels; les participes p...

Täydet tiedot

Tallennettuna:
Bibliografiset tiedot
Aineistotyyppi: Kirja
Kieli:Undetermined
Julkaistu: Paris Larousse 2004
Aiheet:
Tagit: Lisää tagi
Ei tageja, Lisää ensimmäinen tagi!
Thư viện lưu trữ: Trung tâm Học liệu Trường Đại học Cần Thơ
LEADER 01015nam a2200193Ia 4500
001 CTU_134140
008 210402s9999 xx 000 0 und d
020 |c 61000 
082 |a 445 
082 |b L332 
245 0 |a Larousse conjugaison 
260 |a Paris 
260 |b Larousse 
260 |c 2004 
520 |a Tous les verbes de la dernière édition du Petit Larousse dans un répertoire qui indique: toutes les constructions admises (avec ou sans complément d'objet direct, pronominale, etc.); les préposition qui introduisent les complements d'objet indirect ou circonstanciels; les participes passés invariables en fonction des constructions; les pièges orthographiques; les formes réellement usitées aujourd'hui, en France et dans la francophonie. 
650 |a French language,French language,Ngôn ngữ Pháp,Ngôn ngữ Pháp 
650 |x Conjugation,Grammair,Chia động từ,Ngữ pháp 
904 |i Giang 
980 |a Trung tâm Học liệu Trường Đại học Cần Thơ